[Event "ITA-ch"]
[Site "Chianciano"]
[Date "1990.??.??"]
[Round "7"]
[White "Bellia, Fabrizio"]
[Black "Manca, Federico"]
[Result "1/2-1/2"]
[WhiteElo "2320"]
[BlackElo "2360"]

1.Nf3 Nf6 2.g3 c5 3.c4 b6 4.Bg2 Bb7 5.O-O g6 6.Nc3 Bg7 7.d4 cxd4 8.Nxd4 Bxg2
9.Kxg2 Qc8 10.b3 Qb7+ 11.Kg1 d5 12.cxd5 Nxd5 13.Nxd5 Qxd5 14.Be3  1/2-1/2

[Event "BCF-ch"]
[Site "Eastbourne"]
[Date "1990.??.??"]
[Round "?"]
[White "Hawksworth, John C"]
[Black "Cullip, Stephen"]
[Result "1/2-1/2"]
[WhiteElo "2370"]
[BlackElo "2285"]

1.Nf3 Nf6 2.c4 c5 3.g3 b6 4.Bg2 Bb7 5.O-O g6 6.b3 Bg7 7.Bb2 O-O 8.Nc3 d6
9.d4 cxd4 10.Nxd4 Bxg2 11.Kxg2  1/2-1/2

[Event "Helsinki op2"]
[Site "Helsinki"]
[Date "1990.??.??"]
[Round "4"]
[White "Kekki, Jorma"]
[Black "Bandza, Algirdas"]
[Result "0-1"]
[WhiteElo "2245"]
[BlackElo "2380"]

1.Nf3 Nf6 2.c4 b6 3.g3 c5 4.Bg2 Bb7 5.O-O g6 6.b3 Bg7 7.Bb2 O-O 8.d4 cxd4
9.Qxd4 d6 10.Nc3 Nbd7 11.Rad1 Re8 12.Qd3 a6 13.Nd4 Qb8 14.Nd5 b5 15.e4 bxc4
16.Nxf6+ Bxf6 17.Qxc4 Rc8 18.Qe2 Qa7 19.Rd2 Rc7 20.Rfd1 Rac8 21.h3 Qb6 22.Kh2 a5
23.Bf1 Nc5 24.f3 Ba6 25.Qe3 Bxf1 26.Rxf1 a4 27.Rfd1 axb3 28.Nxb3 Bxb2 29.Rxb2 Qa6
30.e5 Nxb3 31.axb3 Rc2+ 32.Rd2 Rxb2 33.Rxb2 Qa1 34.Re2 dxe5 35.Qxe5 Qf1 36.f4 e6
37.Rd2 h5 38.h4 Qf3 39.b4 Qb7 40.Qb2 Rb8 41.Rd4 Qb5 42.Qd2 Kg7 43.Qe3 Rc8
44.Rd2 Qxb4 45.Qe5+ Kg8 46.Rb2 Qc3 47.Rb8 Qc2+ 48.Kh3 Rxb8 49.Qxb8+ Kg7 50.Qe5+ Kh7
51.Qd6 Qb1 52.Kh2 Qa2+ 53.Kh3 Qd5 54.Qxd5 exd5  0-1

[Event "Balkaniad"]
[Site "Kavala"]
[Date "1990.??.??"]
[Round "1"]
[White "Velikov, Petar"]
[Black "Pandavos, Emanouel"]
[Result "1/2-1/2"]
[WhiteElo "2495"]
[BlackElo "2370"]

1.Nf3 Nf6 2.g3 b6 3.Bg2 Bb7 4.O-O g6 5.c4 c5 6.Nc3 Bg7 7.d4 cxd4 8.Qxd4 O-O
9.Qh4 d6 10.Bh6 Nbd7 11.Rfd1 Rc8 12.Bxg7 Kxg7 13.Nd5 Bxd5 14.cxd5 Rc2 15.Qa4 Rxb2
16.Nd4 Ne5 17.Qxa7 Qd7 18.Qa3 Nc4 19.Qa6 Na5 20.Rab1 Rxa2 21.Qxb6 Ra8 22.Rdc1 Qa7
23.Qxa7 Rxa7 24.h3 Nd7  1/2-1/2

[Event "POL-ch (Women)"]
[Site "Konin"]
[Date "1990.??.??"]
[Round "7"]
[White "Wierzbicka, Ewa"]
[Black "Wiese Jozwiak, Malgorzata"]
[Result "1/2-1/2"]
[WhiteElo "2030"]
[BlackElo "2225"]

1.Nf3 Nf6 2.g3 b6 3.Bg2 Bb7 4.O-O c5 5.c4 g6 6.Nc3 Bg7 7.d3 O-O 8.Bg5 Nc6
9.Qd2 Nd4 10.Nxd4 Bxg2 11.Kxg2 cxd4 12.Nb5 d5 13.f3 e5 14.Rac1 Qd7 15.Qb4 dxc4
16.Bxf6 Bxf6 17.Rxc4 Be7 18.Qb3 Rfc8 19.Rfc1 Bc5 20.Na3 Rc7 21.Nb1 Rac8 22.Nd2 Be7
23.Ne4 Rxc4 24.Rxc4 Rxc4 25.Qxc4  1/2-1/2

[Event "Lvov zt"]
[Site "Lvov"]
[Date "1990.??.??"]
[Round "?"]
[White "Lerner, Konstantin Z"]
[Black "Dvoirys, Semen I"]
[Result "1-0"]
[WhiteElo "2560"]
[BlackElo "2535"]

1.Nf3 Nf6 2.c4 c5 3.g3 b6 4.Bg2 Bb7 5.O-O g6 6.Nc3 Bg7 7.d4 cxd4 8.Qxd4 Nc6
9.Qd3 Rc8 10.b3 Nb4 11.Qb1 a6 12.Ba3 Nc6 13.Bb2 O-O 14.Rd1 Qc7 15.Nd5 Nxd5
16.Bxg7 Kxg7 17.cxd5 Nb4 18.Qb2+ Qc3 19.Qxc3+ Rxc3 20.Ne5 Rc7 21.a3 Nc2 22.Ra2 b5
23.Nc6 dxc6 24.dxc6 Bxc6 25.Rxc2 Rd7 26.Rxd7 Bxd7 27.b4 Rc8 28.Rxc8 Bxc8
29.f4 f6 30.Kf2 e5 31.Ke3 Kf7 32.Bd5+ Ke7 33.fxe5 fxe5 34.h4 h6 35.Kf3 g5
36.hxg5 hxg5 37.Be4 Kd6 38.Ba8 Kc7 39.Ke4 Kd6 40.Bd5 Bh3 41.Bg8 Bc8 42.Bh7 Be6
43.Bf5 Bd5+ 44.Kd3 Bb7 45.Ke3 Ke7 46.Kf2 Kd6 47.Ke3 Ke7 48.Bc2 Kd6 49.a4 Bc6
50.a5 Bb7 51.Bf5 Ke7 52.Kf2 Kd6 53.e4 Ke7 54.Kf3 Kf7 55.Kg4 Kf6 56.Kh5 Bc6
57.Bc8 Bxe4 58.Bxa6 Bf3+ 59.Kh6 e4 60.Bb7 Bh1 61.a6 e3 62.Bxh1 e2 63.a7 e1=Q
64.a8=Q Qxg3 65.Qd8+ Kf5 66.Qd7+ Kf6 67.Qc6+ Ke7 68.Kg6 Qe5 69.Bf3 Qe3 70.Qc7+ Ke6
71.Qf7+ Kd6 72.Qd5+ Kc7 73.Qc6+ Kd8 74.Qd6+ Kc8 75.Bc6  1-0

[Event "Lyon op"]
[Site "Lyon"]
[Date "1990.??.??"]
[Round "?"]
[White "Hergott, Deen"]
[Black "Roeder, Mathias"]
[Result "0-1"]
[WhiteElo "2380"]
[BlackElo "2450"]

1.Nf3 Nf6 2.c4 b6 3.g3 c5 4.Bg2 Bb7 5.O-O g6 6.Nc3 Bg7 7.d4 cxd4 8.Qxd4 Nc6
9.Qf4 Na5 10.b3 O-O 11.Bb2 Rc8 12.Rad1 Ne4 13.Ne5 Nxc3 14.Bxc3 d6 15.Bxb7 Nxb7
16.Qf3 Qc7 17.Ng4 h5 18.Ne3 e6 19.Bxg7 Kxg7 20.h4 Qc6 21.Kg2 Rfd8 22.Rd4 Qxf3+
23.Kxf3 Kf6 24.Rfd1 Ke7 25.Ng2 Na5 26.e3 Nc6 27.R4d2 a6 28.Nf4 b5 29.cxb5 Ne5+
30.Ke2 axb5 31.Nd3 Nxd3 32.Kxd3 Rc5 33.Rc2 Ra8 34.Rdd2 e5 35.e4 Ke6 36.Rxc5 dxc5
37.Rc2 Kd6 38.Kc3 Kc6 39.Rd2 f5 40.exf5 gxf5 41.Kb2 b4 42.Rd1 Rf8 43.Re1 Kd5
44.a4 bxa3+ 45.Kxa3 f4 46.Rd1+ Ke6 47.Rc1 fxg3 48.fxg3 Kd5 49.Rd1+ Ke4 50.Re1+ Kd4
51.Rd1+ Kc3 52.Rc1+ Kd3 53.Rxc5 e4 54.Rxh5 e3 55.Re5 e2 56.h5 Rf1 57.Kb4 e1=Q+
58.Rxe1 Rxe1 59.Kc5 Ke4 60.b4 Ke5 61.b5 Rc1+ 62.Kb6 Kd6 63.g4  0-1

[Event "New York op"]
[Site "New York"]
[Date "1990.??.??"]
[Round "5"]
[White "Tal, Mihail"]
[Black "Lerner, Konstantin Z"]
[Result "1/2-1/2"]
[WhiteElo "2585"]
[BlackElo "2560"]

1.Nf3 Nf6 2.c4 b6 3.g3 c5 4.Bg2 Bb7 5.O-O g6 6.Nc3 Bg7 7.d4 cxd4 8.Qxd4 d6
9.b3 Nbd7 10.Bb2 O-O 11.Qe3 Rc8 12.Rfd1 a6 13.Nd4 Bxg2 14.Kxg2 Re8 15.Rac1 Rc5
16.Ba3 Qa8+ 17.Qf3 Rc7 18.Qxa8 Rxa8 19.e3 Rac8 20.Nde2  1/2-1/2

[Event "URS-chT"]
[Site "Podolsk"]
[Date "1990.??.??"]
[Round "?"]
[White "Neverovsky, G."]
[Black "Dvoirys, Semen I"]
[Result "1/2-1/2"]
[WhiteElo "2310"]
[BlackElo "2535"]

1.Nf3 Nf6 2.c4 c5 3.g3 b6 4.Bg2 Bb7 5.O-O g6 6.b3 Bg7 7.Bb2 O-O 8.Nc3 d5
9.Nxd5 Nxd5 10.Bxg7 Kxg7 11.cxd5 Qxd5 12.d4 cxd4 13.Qxd4+ Qxd4 14.Nxd4 Bxg2
15.Kxg2 Rc8 16.Rac1  1/2-1/2

[Event "Porz Citroen-Cup"]
[Site "Porz"]
[Date "1990.??.??"]
[Round "3"]
[White "Jackelen, Thomas"]
[Black "Rechmann, Peter"]
[Result "1-0"]
[WhiteElo "2365"]
[BlackElo "2355"]

1.Nf3 Nf6 2.c4 b6 3.g3 c5 4.Bg2 Bb7 5.O-O g6 6.Nc3 Bg7 7.Re1 O-O 8.e4 Nc6
9.e5 Ne8 10.d4 Nxd4 11.Nxd4 Bxg2 12.Kxg2 cxd4 13.Qxd4 d6 14.Bf4 Nc7 15.Qe3 Ne6
16.Bh6 Rc8 17.b3 Bxh6 18.Qxh6 dxe5 19.Rad1 Qc7 20.Nd5 Qb7 21.Rxe5 Rfe8 22.Kg1 a6
23.f4 Rc6 24.f5 gxf5 25.Qe3 f4 26.gxf4 Kh8 27.f5 Rg8+ 28.Kf2 Nc5 29.Rxe7 Qb8
30.Qd4+ Rg7 31.Nc7 Rh6 32.Re8+  1-0

[Event "Quebec"]
[Site "Quebec"]
[Date "1990.??.??"]
[Round "6"]
[White "Spraggett, Grant"]
[Black "Leveille, Francois"]
[Result "0-1"]
[WhiteElo "2275"]
[BlackElo "2325"]

1.c4 b6 2.Nf3 Nf6 3.g3 c5 4.Bg2 Bb7 5.O-O g6 6.d3 Bg7 7.e4 d6 8.Nc3 O-O 9.h3 Nc6
10.Be3 Nd7 11.d4 a6 12.d5 Na5 13.Qe2 b5 14.cxb5 axb5 15.Nxb5 Ba6 16.a4 Nb6
17.Rfb1 Qd7 18.Nd2 Nxa4 19.Bf1 Rfb8 20.Qd1 Nxb2 21.Rxb2 Bxb5 22.Rxb5 Rxb5
23.Bxb5 Qxb5 24.Rb1 Qd7 25.Qc2 Qxh3 26.Nf3 Qc8 27.Kg2 Rb8 28.Rxb8 Qxb8 29.Qa4 Nb3
30.Bg5 Bf6 31.Bh6 Nd4 32.Nd2 Bg7 33.Bg5 Qd8 34.Nc4 h6 35.Bd2 f5 36.exf5 Nxf5
37.Qa7 Kh7 38.Qb7 Qf8 39.Bc1 Nd4 40.Nd2 Ne2 41.Bb2 Bxb2 42.Qxb2 Nd4 43.Qb7 Qf6
44.Qd7 Qe5  0-1

[Event "Salamanca"]
[Site "Salamanca"]
[Date "1990.??.??"]
[Round "9"]
[White "Fernandez Garcia, Jose L"]
[Black "Sunye Neto, Jaime"]
[Result "1/2-1/2"]
[WhiteElo "2470"]
[BlackElo "2470"]

1.c4 Nf6 2.Nf3 c5 3.g3 b6 4.Bg2 Bb7 5.O-O g6 6.b3 Bg7 7.Bb2 O-O 8.Nc3 e6
9.d4 d6 10.Re1 Qe7 11.e4 cxd4 12.Nxd4 Na6 13.Rc1 Rfc8 14.Rc2 Nc5 15.Rd2 a6
16.Qc2 Ne8 17.Red1 Rc7 18.Re2 Rac8  1/2-1/2

[Event "Schwaebisch Gmuend op"]
[Site "Schwaebisch Gmuend"]
[Date "1990.??.??"]
[Round "?"]
[White "Hoffmann, Hendrik"]
[Black "Roeder, Mathias"]
[Result "0-1"]
[WhiteElo "2315"]
[BlackElo "2450"]

1.c4 Nf6 2.Nf3 b6 3.g3 c5 4.Bg2 Bb7 5.O-O g6 6.Nc3 Bg7 7.d3 O-O 8.e4 Nc6
9.a3 e6 10.Re1 Ne8 11.Bg5 Qc8 12.Rb1 d6 13.Qc1 Qd7 14.b4 Nc7 15.b5 Nd4 16.Nxd4 cxd4
17.Ne2 e5 18.Rf1 Ne6 19.Bd2 Nc5 20.Qc2 f5 21.f3 Rf7 22.Kh1 Raf8 23.Ng1 fxe4
24.fxe4 Rxf1 25.Rxf1 Rxf1 26.Bxf1 Qf5 27.Be1  0-1

[Event "Stara Zagora zt-B"]
[Site "Stara Zagora"]
[Date "1990.??.??"]
[Round "3"]
[White "Schneider, Attila"]
[Black "Palkovi, Jozsef"]
[Result "0-1"]
[WhiteElo "2425"]
[BlackElo "2440"]

1.Nf3 Nf6 2.c4 c5 3.g3 b6 4.Bg2 Bb7 5.O-O g6 6.b3 Bg7 7.Bb2 O-O 8.Nc3 Na6
9.e3 e6 10.d4 d5 11.Ne5 Qe7 12.dxc5 Nxc5 13.cxd5 exd5 14.Ne2 Ng4 15.Nd3 Nxe3
16.Qd2 Nxf1 17.Rxf1 Bxb2 18.Nxb2 Rad8 19.Nd4 Rfe8 20.h4 h5 21.Kh2 Ne6 22.Re1 Qf6
23.Nxe6 Rxe6 24.Rxe6 Qxe6 25.Nd3 Qe7 26.Nf4 Qe5 27.Nd3 Qd4 28.Qg5 Re8 29.Nf4 Kh7
30.Nh3 Bc8 31.Nf4 Bb7 32.Nh3 Qe5 33.Qc1 Ba8 34.f4 Qf6 35.Qc7 d4 36.Bf1 Re7
37.Qb8 Qc6 38.Nf2 Re2  0-1

[Event "SWZ-GP"]
[Site "?"]
[Date "1990.??.??"]
[Round "7"]
[White "Ekstroem, Roland"]
[Black "Dizdarevic, Emir"]
[Result "1/2-1/2"]
[WhiteElo "2405"]
[BlackElo "2475"]

1.Nf3 Nf6 2.c4 b6 3.g3 Bb7 4.Bg2 c5 5.O-O g6 6.Nc3 Bg7 7.Re1 d5 8.d4 O-O
9.dxc5 dxc4 10.Qa4 Qc8 11.Qxc4 Nbd7 12.Be3 Nxc5 13.Rac1 Nce4 14.Qb3 Qe8 15.Ng5 Nd6
16.Nb5 Bxg2 17.Nxd6 Qd7 18.Kxg2 Qxd6 19.Red1 Qb8 20.Bd4 Qb7+ 21.Qf3 Qxf3+
22.Nxf3 Rfc8 23.Ne5 Kf8 24.Nd7+ Nxd7 25.Bxg7+ Kxg7 26.Rxc8 Rxc8 27.Rxd7 e6
28.Rxa7 Rc2 29.Kf3 Rxb2 30.h4 h5 31.Ke3 Kf6 32.Kd3 e5 33.a4 Ra2 34.Ra6 Kf5
35.Rxb6 Ra3+ 36.Kd2  1/2-1/2

[Event "Tilburg"]
[Site "Tilburg"]
[Date "1990.??.??"]
[Round "2"]
[White "Andersson, Ulf"]
[Black "Ivanchuk, Vassily"]
[Result "1/2-1/2"]
[WhiteElo "2630"]
[BlackElo "2680"]

1.Nf3 c5 2.c4 Nf6 3.g3 b6 4.Bg2 Bb7 5.O-O g6 6.b3 Bg7 7.Bb2 O-O 8.d4 cxd4
9.Qxd4 Na6 10.Nc3 Ne4 11.Qe3 Nxc3 12.Bxc3 Bxc3 13.Qxc3 d5 14.cxd5 Qxd5 15.Rfd1 Rac8
16.Rxd5 Rxc3 17.Rd7 Rc7 18.Rxc7 Nxc7 19.Rd1 Rc8 20.Ne5 Bxg2 21.Kxg2 Kf8 22.Rc1 Ke8
23.Rc4 f6 24.Nd3 Kd7 25.Rd4+ Ke8 26.Rh4 Ne6 27.Rxh7 Rc2 28.e3 a5 29.Rh8+ Nf8
30.Rh4 Rxa2 31.Rc4 Rd2 32.Rc3 Ne6 33.h4 b5 34.Nc5 Nxc5 35.Rxc5 b4 36.Rxa5 Rb2
37.Rb5 Rxb3 38.g4 Kf7 39.Rb7 Rb1 40.h5 gxh5 41.gxh5 b3 42.Kf3 Rh1 43.Rxb3  1/2-1/2

[Event "Vienna op"]
[Site "Vienna"]
[Date "1990.??.??"]
[Round "6"]
[White "Wojtkiewicz, Aleksander"]
[Black "Psakhis, Lev"]
[Result "1/2-1/2"]
[WhiteElo "2515"]
[BlackElo "2575"]

1.Nf3 Nf6 2.c4 b6 3.g3 c5 4.Bg2 Bb7 5.O-O g6 6.Nc3 Bg7 7.d4 cxd4 8.Qxd4 d6
9.Rd1 Nbd7 10.Be3 O-O 11.Qh4 Rb8 12.Rac1 Re8 13.b3 Qc7 14.Bh6  1/2-1/2

[Event "Vienna op"]
[Site "Vienna"]
[Date "1990.??.??"]
[Round "8"]
[White "Wojtkiewicz, Aleksander"]
[Black "Ftacnik, Lubomir"]
[Result "1/2-1/2"]
[WhiteElo "2515"]
[BlackElo "2550"]

1.Nf3 Nf6 2.c4 c5 3.g3 b6 4.Bg2 Bb7 5.O-O g6 6.Nc3 Bg7 7.d4 cxd4 8.Qxd4 d6
9.Rd1 Nbd7 10.Be3 Rc8 11.Rac1 O-O 12.Qh4 Re8 13.b3 h5 14.h3 Nf8 15.g4 Rb8
16.Nd5 N8h7 17.Ng5 Nxg5 18.Bxg5 hxg4 19.hxg4 Qd7 20.Bf3 Nxd5 21.cxd5 f6 22.Be3 Kf7
23.Kg2 Rh8  1/2-1/2

[Event "Acasusso op"]
[Site "Acasusso"]
[Date "1991.??.??"]
[Round "11"]
[White "Giardelli, Sergio C"]
[Black "Bronstein, Luis"]
[Result "1-0"]
[WhiteElo "2435"]
[BlackElo "2370"]

1.c4 Nf6 2.Nf3 c5 3.g3 b6 4.Bg2 Bb7 5.O-O g6 6.d4 cxd4 7.Qxd4 Bg7 8.Nc3 d6
9.Be3 O-O 10.Qd2 Nbd7 11.Bh6 Rc8 12.Bxg7 Kxg7 13.b3 Rc5 14.Qd4 Qa8 15.Rfd1 Ne5
16.Ne1 Bxg2 17.Nxg2 Qc8 18.Ne3 Qh3 19.Ncd5 Nxd5 20.Nxd5 f6 21.f3 Qd7 22.f4 Ng4
23.e4 Rfc8 24.a4 h5 25.h3 Nh6 26.Kh2 Nf7 27.Ra2 Qd8 28.Rf2 e6 29.Nb4 Qe7
30.Qe3 Qb7 31.Nd3 R5c7 32.e5 dxe5 33.fxe5 f5 34.Nf4 Re7 35.Rd6 Rce8 36.Qc3 Kh7
37.Rfd2 Nxd6 38.exd6 Rf7 39.Qe5 Qd7 40.a5 Rg7 41.axb6 axb6 42.h4 Qc8 43.b4 Rf7
44.c5 bxc5 45.bxc5 Qc6 46.Nh3 Ra7 47.Ng5+ Kh6 48.Nxe6 Rxe6 49.Qxe6 Qxc5 50.Qf6 Kh7
51.d7  1-0

[Event "JUG-Cup qual"]
[Site "Arandjelovac"]
[Date "1991.??.??"]
[Round "4"]
[White "Simic, Radoslav"]
[Black "Govedarica, Radovan"]
[Result "1-0"]
[WhiteElo "2485"]
[BlackElo "2445"]

1.Nf3 c5 2.g3 b6 3.Bg2 Bb7 4.O-O Nf6 5.c4 g6 6.b3 Bg7 7.Bb2 O-O 8.Nc3 Ne4
9.Rc1 d6 10.e3 Nxc3 11.Bxc3 Bxc3 12.Rxc3 a6 13.d4 Nd7 14.d5 b5 15.e4 Qa5
16.Rc2 bxc4 17.bxc4 Rab8 18.Re1 Ne5 19.Nxe5 dxe5 20.f4 exf4 21.gxf4 Bc8 22.Qc1 Bd7
23.Rf2 Rb6 24.Bf1 Rfb8 25.Bd3 Rb2 26.Ree2 Rxe2 27.Rxe2 Bg4 28.Rf2 Qb6 29.Qe3 Qb4
30.Bf1 Qa5 31.f5 Qc7 32.h3 Bh5 33.f6 exf6 34.Rxf6 Qe5 35.Qf4 Qd4+ 36.Qf2 Qxe4
37.Rxf7 g5 38.Rf6 Qe5 39.Rf5 Qe7 40.Qg3 Rb1 41.Qxg5+ Qxg5+ 42.Rxg5+ Bg6 43.Rg3 Kf7
44.Ra3 Ke7 45.Kf2 Rb6 46.Ke3 Bf5 47.Kf4 Bc8 48.Be2 Rf6+ 49.Ke5 Rf5+ 50.Ke4 Rg5
51.Bg4 Bxg4 52.Kf4 Rg6 53.hxg4 Rf6+ 54.Ke5 Rg6 55.Ra5 Rxg4 56.Rxc5 Rg5+ 57.Kf4 Rh5
58.Rc6 a5 59.a4 Rh1 60.Ke5 Re1+ 61.Kd4  1-0

[Event "Beersheba-B"]
[Site "Beersheba"]
[Date "1991.??.??"]
[Round "?"]
[White "Vydeslaver, Alik"]
[Black "Zilberman, Yaacov"]
[Result "0-1"]
[WhiteElo "2200"]
[BlackElo "2425"]

1.Nf3 c5 2.g3 b6 3.Bg2 Bb7 4.O-O Nf6 5.c4 g6 6.Nc3 Bg7 7.d3 O-O 8.e4 Nc6
9.h3 Ne8 10.Be3 Nc7 11.Qd2 Ne6 12.Bh6 Rc8 13.Bxg7 Kxg7 14.Nh4 a6 15.f4 Ned4
16.f5 f6 17.fxg6 hxg6 18.e5 Qc7 19.Nd5 Qxe5 20.Nf4 g5 21.Nhg6 Qd6 22.Nxf8 gxf4
23.Rxf4 Rxf8 24.Be4 Rh8 25.Qd1 Kf8 26.Qf1 Nd8 27.Bxb7 Nxb7 28.Re1 Nd8 29.Re3 Kf7
30.h4 N8e6 31.Rfe4 Rg8 32.Kh2 Nc2 33.Rf3 Nb4 34.a3 Nc6 35.Qh3 Ne5 36.Rf5 Ke8
37.Qg2 Qxd3 38.h5 Nxc4 39.h6 Rh8 40.Rh5 Ne3  0-1

[Event "Belgrade-C"]
[Site "Belgrade"]
[Date "1991.??.??"]
[Round "1"]
[White "Kapetanovic, Armin"]
[Black "Marinkovic, Ivan"]
[Result "1/2-1/2"]
[WhiteElo "2440"]
[BlackElo "2455"]

1.Nf3 Nf6 2.c4 c5 3.g3 b6 4.Bg2 Bb7 5.O-O g6 6.e3 Bg7 7.d4 O-O 8.Nc3 Ne4
9.Nxe4 Bxe4 10.d5 e6 11.Nh4 Bxg2 12.Nxg2 Na6 13.e4 Nc7 14.a4 exd5 15.exd5 d6
16.Ra2 a6 17.b3 Qd7 18.Bb2 Bxb2 19.Rxb2 b5 20.axb5 axb5 21.Ne3 b4 22.g4 Qe7
23.Qf3 Qe5 24.Rbb1 Rfe8 25.Qg3 Ra3 26.Qxe5 Rxe5 27.Rfe1 Ra8 28.Ra1 Ree8 29.Rxa8 Rxa8
30.g5 Ne8 31.Ng4 Kf8 32.Kg2 Ra3 33.Re3 f5 34.Nf6 Nxf6 35.gxf6 Kf7 36.Re7+ Kxf6
37.Re6+ Kf7 38.Rxd6 Rxb3 39.Rc6 Rc3 40.Rxc5 b3 41.Rc7+  1/2-1/2

[Event "Belgrade-C"]
[Site "Belgrade"]
[Date "1991.??.??"]
[Round "2"]
[White "Marinkovic, Ivan"]
[Black "Marinkovic, Slavisa"]
[Result "1/2-1/2"]
[WhiteElo "2455"]
[BlackElo "2335"]

1.Nf3 Nf6 2.g3 b6 3.Bg2 Bb7 4.O-O c5 5.c4 g6 6.Nc3 Bg7 7.Re1 O-O 8.e4 Nc6
9.e5 Ne8 10.d4 Nxd4 11.Nxd4 Bxg2 12.Kxg2 cxd4 13.Qxd4 d6 14.Bf4  1/2-1/2

[Event "Bern op"]
[Site "Bern"]
[Date "1991.??.??"]
[Round "8"]
[White "Neckar, Lubomir"]
[Black "Rastenis, Gedeminas"]
[Result "0-1"]
[WhiteElo "2355"]
[BlackElo "2265"]

1.Nf3 Nf6 2.c4 c5 3.g3 b6 4.Bg2 Bb7 5.O-O g6 6.d4 cxd4 7.Qxd4 Bg7 8.Nc3 d6
9.Rd1 Nbd7 10.Rb1 Rc8 11.b3 O-O 12.Qh4 Rc5 13.Bb2 Qa8 14.Ne1 Rh5 15.Qd4 Ne4
16.Qe3 Nxc3 17.Bxc3 Bxc3 18.Qxc3 Nf6 19.f3 b5 20.cxb5 Rxb5 21.Rbc1 Rc8 22.Qd2 Rbc5
23.Nd3 R5c7 24.Bh3 Rxc1 25.Rxc1 Rxc1+ 26.Qxc1 Ba6 27.Qe3 Nd5 28.Qe4 Qc6 29.Bf1 Bxd3
30.exd3 e6 31.Qd4 a5 32.Qa7 Qc3 33.Qb8+ Kg7 34.Qxd6 Qd4+ 35.Kh1 Qa1 36.Kg1  0-1

[Event "Bled/Rogaska Slatina"]
[Site "Bled"]
[Date "1991.??.??"]
[Round "4"]
[White "Damljanovic, Branko"]
[Black "Djuric, Stefan"]
[Result "1-0"]
[WhiteElo "2560"]
[BlackElo "2540"]

1.Nf3 Nf6 2.c4 c5 3.g3 b6 4.Bg2 Bb7 5.O-O g6 6.Nc3 Bg7 7.d4 cxd4 8.Qxd4 Nc6
9.Qf4 O-O 10.Qh4 Rc8 11.Bg5 Ne8 12.Rad1 Bxc3 13.bxc3 f6 14.Bh6 Rf7 15.Qg4 e6
16.Rd3 Qe7 17.Rfd1 d6 18.Re3 f5 19.Qh3 Na5 20.Ng5 Rf6 21.Bd5 Bxd5 22.cxd5 e5
23.Rf3 e4 24.Rf4 Rc7 25.g4 Qe5 26.e3 Rxc3 27.Bg7 h5 28.Bxf6 Nxf6 29.gxf5 Nc4
30.Qh4 Nb2 31.Rf1 Nd3 32.Rxe4 Qxf5 33.Rd4 Ne5 34.Rf4 Rc4 35.Rxf5 Rxh4 36.Rxf6 Rg4+
37.Kh1 Rxg5 38.f4  1-0

[Event "Cansys IM-A"]
[Site "Budapest"]
[Date "1991.??.??"]
[Round "1"]
[White "Arsovic, Zoran"]
[Black "Palkovi, Jozsef"]
[Result "1-0"]
[WhiteElo "2330"]
[BlackElo "2460"]

1.Nf3 Nf6 2.c4 c5 3.g3 b6 4.Bg2 Bb7 5.O-O g6 6.Nc3 Bg7 7.d4 cxd4 8.Qxd4 d6
9.Rd1 Nbd7 10.Be3 Rc8 11.Rac1 O-O 12.Qh4 h5 13.b3 a6 14.Bh3 Rc7 15.Nd5 Nxd5
16.cxd5 Nf6 17.Rxc7 Qxc7 18.Qc4 Qd8 19.a4 Qa8 20.Bxb6 Bxd5 21.Qd3 Be4 22.Qd2 Rb8
23.a5 Nd5 24.Ng5 Nxb6 25.axb6 Bc6 26.Qc2 Rf8 27.Rc1 Bd5 28.Qc7 Bf6 29.Nf3 Rb8
30.Qxb8+ Qxb8 31.Rc8+ Qxc8 32.Bxc8 Bxf3 33.exf3 Bd4 34.b7 Ba7 35.b4 Kg7 36.Bh3 Kf6
37.Bf1 Ke5 38.Bxa6 Kd4 39.Kf1 Kc3 40.b5 Kd2 41.Kg2 e5 42.b6 Bb8 43.Bc4 f5
44.h4 Kc3 45.Bf7 f4 46.Bxg6 d5 47.Bxh5 d4 48.Bg6 d3 49.Bxd3  1-0

[Event "Cansys IM-A"]
[Site "Budapest"]
[Date "1991.??.??"]
[Round "3"]
[White "Arsovic, Zoran"]
[Black "Almasi, Zoltan"]
[Result "0-1"]
[WhiteElo "2330"]
[BlackElo "2340"]

1.Nf3 Nf6 2.c4 c5 3.g3 b6 4.Bg2 Bb7 5.O-O g6 6.Nc3 Bg7 7.d4 cxd4 8.Qxd4 d6
9.Be3 Nbd7 10.Rac1 Rc8 11.b3 O-O 12.Qh4 a6 13.Rfd1 Re8 14.Bh3 Rc7 15.Bh6 Rc5
16.Ng5 b5 17.Nd5 Bxd5 18.cxd5 Rxc1 19.Rxc1 Bxh6 20.Qxh6 Nf8 21.b4 Qb6 22.Rd1 a5
23.Qh4 axb4 24.Qxb4 Ra8 25.Qb3 Qa5 26.Bg2 N8d7 27.Qe3 Kf8 28.Bh3 Ne5 29.Qd4 Qxa2
30.f4 Ra4 31.Qc3 Qxe2 32.Re1 Qc4 33.Rc1 Qxc3 34.Rxc3 Nc4 35.Bf1 h6 36.Nf3 Nxd5
37.Rb3 Nc7 38.Kf2 d5 39.Be2 b4 40.Nd4 Na6 41.Nc2 e6 42.Rb1 Ke7 43.Ne3 Nxe3
44.Kxe3 Nc5 45.Kd4 Kd6 46.Bb5 Ra3  0-1

[Event "Buenos Aires Konex"]
[Site "Buenos Aires"]
[Date "1991.??.??"]
[Round "4"]
[White "Debarnot, Roberto"]
[Black "Giardelli, Sergio C"]
[Result "0-1"]
[WhiteElo "2355"]
[BlackElo "2435"]

1.Nf3 c5 2.c4 Nf6 3.g3 b6 4.Bg2 Bb7 5.O-O g6 6.d3 Bg7 7.e4 O-O 8.Nc3 Nc6
9.Nh4 a6 10.f4 Rb8 11.Rb1 b5 12.b3 Nd4 13.Ne2 Qb6 14.Nxd4 cxd4 15.e5 Ne8
16.Bb2 Bxg2 17.Kxg2 d6 18.Nf3 dxe5 19.fxe5 Rd8 20.Qd2 Nc7 21.Qb4 Rd7 22.Rbe1 Ne6
23.Re4 Rfd8 24.cxb5 a5 25.Qd2 Qxb5 26.Rd1 Rd5 27.Ba3 R8d7 28.Rc1 Qb7 29.Kf2 Rc7
30.Rxc7 Qxc7 31.Re2 Qd7 32.Qc1 Qb7 33.Qc4 Rd7 34.Qa4 Bh6 35.Qxa5 Be3+ 36.Rxe3 dxe3+
37.Kxe3 g5 38.Qb4 Qa7+ 39.Ke2 h5 40.h3 Qa6 41.Ne1 Nd4+ 42.Kd1 Nc6 43.Qc4 Qxc4
44.bxc4 Nxe5  0-1

[Event "Cheliabinsk-A"]
[Site "Cheliabinsk"]
[Date "1991.??.??"]
[Round "?"]
[White "Sorokin, Maxim"]
[Black "Sherbakov, Ruslan"]
[Result "1/2-1/2"]
[WhiteElo "2510"]
[BlackElo "2525"]

1.Nf3 c5 2.c4 Nf6 3.g3 b6 4.Bg2 Bb7 5.O-O g6 6.b3 Bg7 7.Bb2 O-O 8.Nc3 e6
9.d4 Ne4 10.Qc2 Nxc3 11.Bxc3 Na6 12.Rfd1 Qe7 13.dxc5 Bxc3 14.Qxc3  1/2-1/2

[Event "Copenhagen Unibank"]
[Site "Copenhagen"]
[Date "1991.??.??"]
[Round "5"]
[White "Jorgensen, Brian"]
[Black "Brinck Claussen, Bjorn"]
[Result "0-1"]
[WhiteElo "2240"]
[BlackElo "2390"]

1.c4 Nf6 2.Nf3 b6 3.g3 Bb7 4.Bg2 c5 5.O-O g6 6.d4 cxd4 7.Qxd4 Bg7 8.Qh4 h6
9.Nc3 Nc6 10.Nd5 g5 11.Nxf6+ Bxf6 12.Qh5 Na5 13.Nd2 Bxg2 14.Kxg2 Qc7 15.Qg4 Rc8
16.Rd1 Qc6+ 17.Kg1 Qe6 18.Qxe6 fxe6 19.Rb1 Nxc4 20.Ne4 d5 21.Nxf6+ exf6 22.b3 Nd6
23.Ba3 Nb5 24.Bb2 Nc3 25.Bxc3 Rxc3 26.e4 dxe4 27.Rd6 Ke7 28.Rbd1 Rd3 29.R1xd3 exd3
30.Rxd3 h5 31.Kg2 Rc8 32.Rd2 e5 33.h3 Ke6 34.Re2 f5 35.f3 Rc3 36.Kf2 g4 37.fxg4 fxg4
38.hxg4 hxg4 39.Kg2 Rd3 40.Kf2 Kd5 41.Rc2 b5 42.Rc7 Rd2+ 43.Ke3 Rxa2 44.Rd7+ Kc5
45.Ke4 Kb4 46.Rb7 Rg2  0-1

[Event "FRA-chT"]
[Site "FRA"]
[Date "1991.??.??"]
[Round "?"]
[White "Letreguilly, Olivier"]
[Black "Lejeune, Jean Pierre"]
[Result "1/2-1/2"]
[WhiteElo "2240"]
[BlackElo "2380"]

1.Nf3 Nf6 2.c4 c5 3.g3 b6 4.Bg2 Bb7 5.O-O g6 6.b3 Bg7 7.Bb2 O-O 8.Nc3 Qc8
9.Rc1 Nc6 10.e3 d5 11.Nxd5 Nxd5 12.Bxg7 Nxe3 13.fxe3 Kxg7 14.d4 f6 15.Rc2 Qc7
16.Rd2 Rad8 17.Qa1 Bc8 18.d5 Nb8 19.Rfd1 Bg4 20.Ng5 h6 21.Bh3 hxg5 22.Bxg4 Qd6
23.Qc3 Kh6 24.e4 e5 25.dxe6 Qe7 26.Rd5 Nc6 27.Rd7 Rxd7 28.Rxd7 Qe8 29.Qb2 Ne5
30.Qd2 Nxd7 31.exd7 Qe7 32.Qd5 f5 33.exf5 gxf5  1/2-1/2

[Event "Arnold Cup"]
[Site "Gausdal"]
[Date "1991.??.??"]
[Round "3"]
[White "Schmittdiel, Eckhard"]
[Black "Ivanov, Alexander"]
[Result "0-1"]
[WhiteElo "2485"]
[BlackElo "2525"]

1.Nf3 Nf6 2.c4 b6 3.g3 c5 4.Bg2 Bb7 5.O-O g6 6.d3 Bg7 7.e4 d6 8.Nc3 O-O 9.h3 a6
10.Be3 b5 11.cxb5 axb5 12.Nxb5 Qb6 13.a4 Bc6 14.e5 Nd5 15.Qb3 Nxe3 16.fxe3 dxe5
17.Ng5 Bf6 18.Ne4 Nd7 19.Nxf6+ Nxf6 20.Nd4 Qxb3 21.Nxb3 Bxg2 22.Kxg2 Rfb8
23.Nxc5 Ra5 24.d4 Rxb2+ 25.Rf2 Rb4 26.dxe5 Nd5 27.Rc1 Nxe3+ 28.Kg1 Rc4 29.Rxc4 Nxc4
30.Nd3 Nxe5 31.Nxe5 Rxe5 32.Ra2 Ra5 33.Kf2 f5 34.Ke3 Kf7 35.Kd4 g5 36.Kc4 Kf6
37.Kb4 Ra7 38.Kb5 f4 39.Kb6 Ra8 40.Kb7 Ra5 41.Kb6 Ra8 42.Kb7 Re8  0-1

[Event "BL2-S9091"]
[Site "Germany"]
[Date "1991.??.??"]
[Round "?"]
[White "Gabriel, Christian"]
[Black "Mandl, Robert"]
[Result "0-1"]
[WhiteElo "2305"]
[BlackElo "2350"]

1.Nf3 Nf6 2.g3 b6 3.Bg2 Bb7 4.O-O c5 5.c4 g6 6.Nc3 Bg7 7.Re1 Ne4 8.Qc2 Nxc3
9.dxc3 d6 10.e4 Nd7 11.Bg5 O-O 12.Rad1 h6 13.Bf4 Qc7 14.Qe2 Rad8 15.Nh4 Kh7
16.Bc1 Bc6 17.f4 Qb7 18.g4 Nf6 19.h3 a5 20.Qc2 e5 21.f5 g5 22.Nf3 Rh8 23.Nxg5+ hxg5
24.Bxg5 Kg8 25.Bc1 Ne8 26.Qf2 f6 27.h4 Qf7 28.b3 Kf8 29.Bf3 Qg8 30.Kg2 Bh6
31.Bxh6+ Rxh6 32.Rh1 Rd7 33.Qg3 Rg7 34.Kf2 Ke7 35.Rdg1 Rh8 36.g5 Qh7 37.gxf6+ Kxf6
38.Qg5+ Kf7 39.Qd8 Rxg1 40.Kxg1 Qh6 41.Kf2 Qd2+ 42.Kf1 Bxe4  0-1

[Event "Bundesliga 9091"]
[Site "Germany"]
[Date "1991.??.??"]
[Round "?"]
[White "Schmittdiel, Eckhard"]
[Black "Hargens, Thomas"]
[Result "1-0"]
[WhiteElo "2505"]
[BlackElo "2255"]

1.Nf3 Nf6 2.c4 c5 3.g3 b6 4.Bg2 Bb7 5.O-O g6 6.Nc3 Bg7 7.e3 d5 8.Ne5 O-O
9.d4 e6 10.b3 Na6 11.Qe2 Qe7 12.Bb2 Rfd8 13.Rfd1 Ne4 14.cxd5 Nxc3 15.Bxc3 exd5
16.Qb2 f6 17.Nd3 Rac8 18.Nf4 f5 19.Rac1 c4 20.bxc4 Rxc4 21.Qb3 Qf7 22.Bf1 g5
23.Nd3 Rc6 24.f4 Re6 25.Bd2 Qe7 26.Qa4 Nb8 27.fxg5 Nc6 28.Nf4 Rxe3 29.Bxe3 Qxe3+
30.Kh1 Nxd4 31.Bg2 Nf3 32.Rc7  1-0